000
00252nam a2200097Ia 4500
005
20251222140024.0
008
251222s1900||||xx |||||||||||||| ||spa||
082
_a
216.5/P28/9
245
0
_a
"Creo en Jesucristo, su único hijo, nuestro Señor"
942
_c
LIB
999
_c
2742
_d
2742